Banner

Cómo la Teoría del caso imita al ajedrez / (Record no. 1749)

MARC details
000 -LEADER
campo de control de longitud fija 03163cam a22003015i 4500
001 - NÚMERO DE CONTROL
campo de control 23211643
003 - IDENTIFICADOR DE NÚMERO DE CONTROL
campo de control CoMeUDC
005 - FECHA Y HORA DE LA ÚLTIMA TRANSACCIÓN
campo de control 20231102161026.0
008 - DATOS DE LONGITUD FIJA--INFORMACIÓN GENERAL
campo de control de longitud fija 230621s2023 ck 000 0 spa
010 ## - NÚMERO DE CONTROL DE LA BIBLIOTECA DEL CONGRESO
Número de control de LC 2023453414
020 ## - NÚMERO INTERNACIONAL ESTÁNDAR DEL LIBRO
Número Internacional Estándar del Libro 978987917925
040 ## - FUENTE DE CATALOGACIÓN
Centro catalogador/agencia de origen DLC
Lengua de catalogación eng
Normas de descripción AARC
-- ISBD
Centro/agencia transcriptor DLC
Centro/agencia modificador CO-UDEC
042 ## - CÓDIGO DE AUTENTICACIÓN
Código de autenticación pcc
082 ## - NÚMERO DE LA CLASIFICACIÓN DECIMAL DEWEY
Número de clasificación 345
Número de ítem P113
100 1# - ENTRADA PRINCIPAL--NOMBRE DE PERSONA
Nombre de persona Pabón Gómez, Germán,
Término indicativo de función/relación author.
245 10 - MENCIÓN DEL TÍTULO
Título Cómo la Teoría del caso imita al ajedrez /
Mención de responsabilidad, etc. Germán Pabón Gómez.
250 ## - MENCION DE EDICION
Mención de edición 2a ed.
264 #1 - PRODUCCIÓN, PUBLICACIÓN, DISTRIBUCIÓN, FABRICACIÓN Y COPYRIGHT
Producción, publicación, distribución, fabricación y copyright Bogotá :
Nombre del de productor, editor, distribuidor, fabricante Grupo Editorial Ibáñez,
Fecha de producción, publicación, distribución, fabricación o copyright 2023.
300 ## - DESCRIPCIÓN FÍSICA
Extensión 404 p. ;
Dimensiones 24 cm
500 ## - NOTA GENERAL
Nota general Germán Pabón Gómez, ex auxiliar de Magistrado de la Sala Penal de la Corte Suprema de Justicia Profesor en la Universidad del Rosario.
504 ## - NOTA DE BIBLIOGRAFÍA, ETC.
Nota de bibliografía, etc. Nota Incluye bibliografía.
505 ## - NOTA DE CONTENIDO CON FORMATO
Nota de contenido con formato De la importancia de aprender a jugar ajedrez, pero no como juegan los gatos -- Concepto de teoría del caso vs. Concepto de planteo del caso -- Aspectos configuradores del planteo del caso -- Aspectos que conforman el planteo del caso -- Aspectos esenciales y estructurales de los dispositivos amplificadores del tipo de autoría y participación -- El planteo del caso no se construye por fuera de la estructura típica nuclear de la conducta objeto de prueba, ni por fuera del principio de lesividad -- El planteo del caso no se construye con criterios de responsabilidad objetiva -- El planteo del caso no se construye al margen del principio de necesidad de la prueba -- El planteo del caso no se construye al margen de los principios de licitud y legalidad de la prueba -- Características del planteo del caso -- Cómo los planteos del caso imitan al ajedrez -- Juega tu propia partida -- Todo planteo del caso merece una estrategia -- La estrategia visualiza el camino y el andar se hace camino con la táctica de los planteos del caso -- Cambiar a menudo de estrategia es lo mismo que no tener estrategia -- Preguntar: ¿Por qué sí? y ¿Por qué no? son preguntas insalvables en el planteo del caso -- Concepto de táctica y estrategia en el planteo del caso -- El cálculo en el planteo del caso -- El material en el planteo del caso -- Factores a largo plazo versus factores dinámicos en el planteo del caso -- La fase de apertura en el planteo del caso -- De la inferencia razonable a la razonabilidad jurídica frente a los actos de formulación de imputación, decreto e imposición de medida de aseguramiento en la fase de apertura -- La fase intermedia en el planteo del caso -- La fase final de la partida en el planteo del caso -- Diseño y ensamble del planteo del caso -- Construcción del relato de conductas relevantes -- Adecuación de lo fáctico a las normas sustanciales aplicables -- Identificación y elaboración de las proposiciones fácticas -- Selección de los medios de convicción a utilizar como acreditaciones probatorias -- Orden de presentación de los medios de convicción -- Teoría de los finales
650 #0 - PUNTO DE ACCESO ADICIONAL DE MATERIA--TÉRMINO DE MATERIA
9 (RLIN) 2447
Término de materia o nombre geográfico como elemento de entrada Teoría del caso
Subdivisión geográfica Colombia
650 #0 - PUNTO DE ACCESO ADICIONAL DE MATERIA--TÉRMINO DE MATERIA
9 (RLIN) 764
Término de materia o nombre geográfico como elemento de entrada Acción y defensa (Derecho)
650 #0 - PUNTO DE ACCESO ADICIONAL DE MATERIA--TÉRMINO DE MATERIA
9 (RLIN) 1106
Término de materia o nombre geográfico como elemento de entrada Derecho procesal.
Subdivisión geográfica Colombia
650 #0 - PUNTO DE ACCESO ADICIONAL DE MATERIA--TÉRMINO DE MATERIA
9 (RLIN) 2448
Término de materia o nombre geográfico como elemento de entrada Ajedrez
Subdivisión general Estrategia y técnica
942 ## - ELEMENTOS DE ENTRADA SECUNDARIOS (KOHA)
Fuente del sistema de clasificación o colocación Clasificación Decimal Dewey
Tipo de ítem Koha Libros
Holdings
Estatus retirado Estado de pérdida Fuente del sistema de clasificación o colocación Estado de daño No para préstamo Colección Biblioteca de origen Biblioteca actual Fecha de adquisición Fuente de adquisición Total de préstamos Total de renovaciones Signatura topográfica completa Código de barras Visto por última vez Fecha del último préstamo Copia número Precio de reemplazo Tipo de ítem Koha
    Clasificación Decimal Dewey     Colección general U DE COLOMBIA - Biblioteca U DE COLOMBIA - Biblioteca 02/11/2023 compra 2023 3 3 345 P113 100473 02/12/2025 10/11/2025 1 02/11/2023 Libros


Biblioteca Académica Corporación Universitaria U DE COLOMBIA | Teléfono: +(57) (4) 2398080 ext. 1112 | E-mail: biblioteca@udecolombia.edu.co | Dirección: Calle 56 Nº 41 – 147 (Bolivia con Girardot)
Horario de atención: lunes a viernes 8:00 a.m. a 8:00 p.m. - sábados 8:00 a.m. a 4:00 p.m.
Implementado por Grupo EGS.

Powered by Koha